000 00381nam a2200157Ia 4500
008 230711s9999||||xx |||||||||||||| ||und||
041 _aENG
082 _a621.381
_bRI-E
100 _aRiley,Frank
245 4 _aThe electronic assembly handbook
250 _a1st
260 _c1994
_aNew Delhi
_bIFS Publication
300 _a603
650 _aElectronics Engineering
942 _cBK
999 _c2844
_d2844